[Event "Madurai Athens of the East op-B U1600"]
[Site "Madurai"]
[Date "2023.12.27"]
[Round "1"]
[White "Umesh, S Lalwani"]
[Black "Rithick, Rakshan"]
[Result "0-1"]
[WhiteElo "1592"]
[BlackElo "1081"]
[PlyCount "108"]
[EventDate "2023.12.27"]
[EventType "swiss"]
[EventRounds "9"]
[EventCountry "IND"]
[SourceTitle "CB02_2024"]
[SourceDate "2024.01.10"]
[SourceVersion "1"]
[SourceVersionDate "2024.01.10"]
[SourceQuality "1"]

1. e4 d5 2. e5 Bf5 3. d4 e6 4. Bd3 Bxd3 5. Qxd3 c5 6. c3 Nc6 7. f4 Nh6 8. Nf3 Nf5 9. g4 Nh4 10. 0-0 Nxf3+ 11. Rxf3 Qb6 12. dxc5 Bxc5+ 13. Kg2 0-0 14. Rh3 g6 15. Qg3 Qb5 16. Qd3 Qxd3 17. Rxd3 Rad8 18. g5 Ne7 19. Nd2 Rd7 20. Ne4 Rc7 21. Nf6+ Kg7 22. b4 Bb6 23. a4 Rc4 24. a5 Bc7 25. Be3 a6 26. Bc5 Bd8 27. Rf1 Rh8 28. Bxe7 Bxe7 29. Rff3 Bxf6 30. exf6+ Kf8 31. Rd4 Rxd4 32. cxd4 Ke8 33. Rc3 Kd7 34. Kg3 Rc8 35. Rc5 Rxc5 36. bxc5 Kc6 37. f5 exf5 38. Kf4 Kb5 39. Ke5 Kc4 40. Kd6 f4 41. Ke7 f3 42. Kxf7 f2 43. Kg7 Kxd4 44. Kxh7 f1Q 45. Kg8 Kxc5 46. f7 d4 47. f8Q+ Qxf8+ 48. Kxf8 d3 49. h4 d2 50. h5 gxh5 51. g6 d1Q 52. g7 Qd8+ 53. Kf7 Qd7+ 54. Kf8 Qxg7+ 0-1